000 00736cam a2200253 i 4500
999 _c523627
_d523627
001 801671
003 NUST
005 20190516075626.0
008 760106s1976 nyu 000 1 eng
010 _a 75046575
020 _a0070228906
038 _a0
040 _aDLC
_cDLC
_dDLC
_dOCoLC
_dDLC
050 0 0 _aPZ4.G2422
_bSt
_aPS3557.A735
082 0 0 _a813/.5/4
100 1 _aGarrison, Jim,
_d1921-1992.
_914374
245 1 4 _aThe star spangled contract /
_cby Jim Garrison.
260 _aNew York :
_bMcGraw-Hill,
_cc1976.
300 _a372 p. ;
_c24 cm.
650 0 _aPresidents
_xAssassination
_xFiction.
_914375
655 7 _aSpy stories.
_2gsafd
_98087
906 _a7
_bcbc
_corignew
_d1
_eocip
_f19
_gy-gencatlg
942 _2ddc
_cBK